000 00463nam a22001697a 4500
003 NUST - PNEC
005 20170116180838.0
008 150812b xxu||||| |||| 00| 0 eng d
020 _a-
040 _cLIBRARY
082 _a297.122 THA
100 _95152
_aThanvi, M. Ashraf
245 _aAl Quran ul Hakeem : Ma mukamal tafseer
_cMaulana Ashraf Ali Thanvi
260 _aKarachi:
_bTaj Company,
650 _95154
_aAl Quran ul Hakeem
_xIslam
942 _2ddc
_cBK
999 _c64302
_d64302